00329nam a2200121Ia 4500008004100000020002200041041000800063082000800071100001200079245007000091260003700161300000900198230211s9999 xx 000 0 und d a978-1-4053-2801-2 aeng a900 aDK Pub. aConcise Atlas Of The World : Digital Mapping For The 21st Century bDorling Kindersley Limitedc2009 a350p